000
00318nam a2200121Ia 4500
008
210430s9999 xx 000 0 und d
082
_a
082 P859A
100
_a
Peter Potter
_9
54644
245
_a
All About Death /
_c
Peter Potter
260
_a
New Delhi
_b
Universal Book Stall
_c
1993
300
_a
248
942
_c
BK
_2
ddc
999
_c
565283
_d
565283